MARC

LEADER 00000nab a2200000 a 4500
001 vtls011988832
003 SK-MaSNL
005 20260426102847.0
008 200824c2015 xo qr0p 000 a slo
015 |a SNBRB2015/04 
038 |a BAULUV 
040 |a BAULUV  |b slo  |c BAULUV  |e rda 
041 |a slo  |b eng 
043 |a e-xo--- 
044 |a xo  |c SK 
072 7 |a 74  |x Kresba. Umelecké remeslá  |2 konspekt 
080 |a 74  |2 2011 
080 |a 06.05  |2 2011 
080 |a 316.74  |2 2011 
100 1 |a Haberernová, Helena  |4 aut  |9 1312486 
245 1 0 |a Oceňovanie výrobcov majstrovským titulom  |c Helena Haberernová 
300 |b Fotografie 
336 |a text  |b txt  |2 rdacontent 
337 |a bez média  |b n  |2 rdamedia 
338 |a zväzok  |b nc  |2 rdacarrier 
610 2 7 |a Ústredie ľudovej umeleckej výroby (Bratislava, Slovensko)  |2 SNKPH  |9 33060 
650 0 7 |a majstri ľudovej umeleckej výroby  |2 SNKPH  |9 152990 
650 0 7 |a ľudová umelecká výroba  |2 SNKPH  |9 97658 
650 0 7 |a Masters of Folk Art Production  |2 SNKPHeng  |9 1312496 
650 0 7 |a Folk art production  |2 SNKPHeng  |9 331944 
651 7 |a Slovensko  |2 SNKPH  |9 14231 
773 0 |t Remeslo, umenie, dizajn  |p RUD  |g Roč. 21, č. 2 (2020), s. 22-23  |x 1335-5457 
852 |a BAULUV  |b KIS3GCP 
856 2 |u http://www.uluv.sk/sk/web/casopis-rud/archiv/rok-2020/rud-022020/ocenovanie-vyrobcov-majstrovskym-titulom/ 
958 |a SK 
958 |a RBX 
999 |c 3268844  |d 3270774